000 00437nam a2200169Ia 4500
008 240729s9999 xx 000 0 und d
022 _a2813-5911
245 0 _aFrontiers in Bee Science
260 _aSwitzerland
260 _bFrontiers Media S.A.
650 _a Biology (General)
650 _a Ecology
650 _aScience
856 _uhttps://doaj.org/toc/0358765afb7c4e05a779a53b297f89e7
942 _2ddc
942 _cDOAJEJ
999 _c66981
_d66981
945 _a1
_bMadushi Gamage
_c1
_dMadushi Gamage